000 00847nam a22001935i 4500
001 152983
003 ES-MaACL
005 20230906204949.0
008 030120s1898 sp |||| | spa d
040 _aCCPB | B
_bspa
_cCCPB | B
245 0 3 _aEl carril continuo (sistema privilegiado)
_b: aplicación de la soldadura á los carriles de los tranvías /
_c[Alfredo León].
260 _aMadrid :
_b[s.n.],
_c1898 (
_fEst. tip. de Ricardo Fe)
300 _a12 p. ;
_c23 cm.
594 _aPrecede al tít.: "Á las compañías ferroviarias"
594 _aEl autor del texto es Alfredo León, según se menciona al final del mismo y en nota ms. en la cub. original.
650 4 _aTranvías.
_9136944
700 1 _aLeón, Alfredo.
_9157083
852 _aES-MaACL
_jT-848-F-6
_z-- Enc. hol. conservando la cub. original
_z-- Enc. en un vol. facticio
999 _c152983
_d152983